| Tag |
First Indicator |
Second Indicator |
Subfields |
| LEADER |
00000cgm a2200000Mi 4500 |
| 001 |
in00005605607 |
| 006 |
m o c |
| 007 |
cr |n||||||||a |
| 007 |
vz |za|z| |
| 008 |
240501s2024 vau052 e o vneng d |
| 005 |
20241201235051.9 |
| 035 |
|
|
|a (OCoLC)on1433170313
|
| 040 |
|
|
|a ALSTP
|b eng
|e rda
|c ALSTP
|d OCLCO
|d DXU
|
| 019 |
|
|
|a 1443977268
|
| 035 |
|
|
|a (OCoLC)1433170313
|z (OCoLC)1443977268
|
| 049 |
|
|
|a TXAM
|
| 245 |
0 |
0 |
|a Nature.
|n Season 42, episode 6,
|p Flyways /
|c written, produced and directed by Randall Wood ; producer and co-writer, Rebecca McElroy.
|
| 246 |
3 |
0 |
|a Flyways
|
| 264 |
|
1 |
|a Arlington, VA :
|b Public Broadcasting Service,
|c 2024.
|
| 300 |
|
|
|a 1 online resource (52 minutes)
|
| 306 |
|
|
|a 005105
|
| 336 |
|
|
|a two-dimensional moving image
|b tdi
|2 rdacontent
|
| 337 |
|
|
|a computer
|b c
|2 rdamedia
|
| 337 |
|
|
|a video
|b v
|2 rdamedia
|
| 338 |
|
|
|a online resource
|b cr
|2 rdacarrier
|
| 347 |
|
|
|a video file
|2 rdaft
|
| 490 |
0 |
|
|a Nature ;
|v Season 42, Episode 6
|
| 511 |
0 |
|
|a Narrator, Nora Young.
|
| 588 |
0 |
|
|a Title from resource description page (viewed May 01, 2024).
|
| 520 |
|
|
|a More than 200 species of shorebirds, such as Far Eastern Curlews, Red Knots and Hudsonian Godwits, fly thousands of miles each year from feeding grounds in the Southern Hemisphere to breeding grounds in the Arctic and back again. But their populations are crashing amidst climate change and urban development. Follow scientists as they mobilize to the challenge of saving these shorebirds.
|
| 546 |
|
|
|a In English.
|
| 650 |
|
0 |
|a Shore birds.
|
| 650 |
|
0 |
|a Birds.
|
| 650 |
|
0 |
|a Flyways.
|
| 650 |
|
0 |
|a Birds
|x Migration.
|
| 650 |
|
6 |
|a Oiseaux de rivage.
|
| 650 |
|
6 |
|a Oiseaux.
|
| 650 |
|
6 |
|a Oiseaux
|x Migration.
|
| 655 |
|
7 |
|a Documentary television programs.
|2 lcgft
|
| 655 |
|
7 |
|a Nature television programs.
|2 lcgft
|
| 655 |
|
7 |
|a Documentaires télévisés.
|2 rvmgf
|
| 655 |
|
7 |
|a Émissions télévisées sur la nature.
|2 rvmgf
|
| 700 |
1 |
|
|a Wood, Randall
|c (Director),
|e director,
|e producer.
|
| 700 |
1 |
|
|a McElroy, Rebecca,
|e producer.
|
| 700 |
1 |
|
|a Young, Nora,
|e narrator.
|
| 710 |
2 |
|
|a Thirteen Productions,
|e production company.
|
| 710 |
2 |
|
|a Public Broadcasting Service (U.S.),
|e publisher.
|
| 730 |
0 |
|
|i In series:
|a Nature (Television program)
|
| 856 |
4 |
0 |
|u http://proxy.library.tamu.edu/login?url=https://www.aspresolver.com/aspresolver.asp?MARC;5542036
|z Connect to this streaming video (Alexander Street Press)
|t 0
|
| 955 |
|
|
|a Alexander Street Press subscription streaming video
|
| 994 |
|
|
|a 92
|b TXA
|
| 999 |
f |
f |
|s 93309dba-752d-4e31-b5af-a3b37c39c10f
|i 17edddf5-62a4-4d90-bd20-f4d5064a544a
|t 0
|
| 952 |
f |
f |
|a Texas A&M University
|b College Station
|c Electronic Resources
|d Available Online
|t 0
|h Library of Congress classification
|
| 998 |
f |
f |
|t 0
|l Available Online
|